00314nam a2200133Ia 4500008004100000020001500041041001200056082001600068100001600084245003300100260002500133300000800158650001400166221030s9999 xx 000 0 und d a8120314581 aEnglish a105.23bFri aJ. R. Fried 0aPolymer Science & Technology bPHIaNew Delhic2000 a509 aChemistry